Normal view
MARC view
- انظمة المعلومات - نظام الارشفه
Entry Topical Term
001 - CONTROL NUMBER
- control field: 58326
003 - CONTROL NUMBER IDENTIFIER
- control field: JO-AjAnu
005 - DATE AND TIME OF LATEST TRANSACTION
- control field: 20230606083538.0
008 - FIXED-LENGTH DATA ELEMENTS
- fixed length control field: 230606|| aca||aabn | a|a d
040 ## - CATALOGING SOURCE
- Original cataloging agency: JO-AjAnu
- Transcribing agency: JO-AjAnu
150 ## - HEADING--TOPICAL TERM
- Topical term or geographic name entry element: انظمة المعلومات - نظام الارشفه
670 ## - SOURCE DATA FOUND
- Source citation: Work cat.: (JO-AjAnu)29754: اعداد بنان كمال نجادات، فاطمه خالد المومني، اسماء الخطيب؛ اشراف غازي الشقاح, author 58325, نظام ارشفة ديوان كلية تكنولوجيا المعلومات